000 00334nam a22001217a 4500
999 _c4926
_d4926
008 250422b ||||| |||| 00| 0 eng d
020 _a9781788810302
082 _a823.92 CHA
100 _aCHAPMAN,JANE
_eAUTHOR
245 _aI'M NOT SLEEPY
260 _a1 CODA STUDIOS,189 MUNSTER ROAD,LONDON SW6 6AW
_bLITTLE TIGER PRESS
942 _2ddc